00700nam a2200217Ia 4500003000400000005001700004008004100021040000700062041000800069082002000077100002200097245004500119260002900164365001300193650002200206650003000228906004700258942001200305999001900317952014600336OSt20230606110912.0210423s2003 xx 000 0 und d cAL aeng a307.76 RAYL223 aRAY (C N)9119683 aLiberalisation and urban social services bRawat Publicationsc2003 b695cINR aSociology9119684 aUrban Communities9119685 aLiberalisation ; services ; social ; urban 2ddccBK c173784d173784 001040708MSWaSACPGbSACPGd2003-09-04eSita Book Houseg695.00l1o307.76 RAYLpPG020432r2024-04-16 00:00:00s2024-04-04w2021-04-26yBK